Február

Bibliographic Details
Main Author: Dénes, György, 1923-2007 (Author)
Other Authors: Balázsy, Géza, 1959- (Illustrator)
Format: Article
Language:Hungarian
PhysicalDescription:Obr.
Subjects:

MARC

LEADER 00000nab a2200000 ar4500
001 vtls009003570
003 SK-MaSNL
005 20260305044638.0
008 070504c2007 xo |||||||| 000 b|hun
015 |a SNBRB2007/05  |2 snkbucl 
038 |a SNKBUCL 
040 |a DSZK  |b slo  |c DSZK  |e AACR2 
041 0 |a hun 
044 |a xo  |c SK 
080 |a 821.511.141 (437.6)-93=511.141  |2 1997 
080 |a 821.511.141 (437.6)-1(0.053.2)=511.141  |2 1997 
100 1 |a Dénes, György,  |d 1923-2007   |4 aut  |9 106980 
245 1 0 |a Február  |c Dénes György ; illusztrálta Balázsy Géza 
300 |b Obr. 
650 0 7 |a naratívne básne, maďarské  |2 snkbucl  |9 71242 
700 1 |a Balázsy, Géza,  |d 1959-  |4 ill  |9 88598 
773 0 |t Tücsök  |g Évf. 17, sz. 6 (2007), o. 10 
852 |a SNK  |b KIS3GCP 
852 |a DSZK  |b KIS3GCP 
958 |a HU 
958 |a LX 
958 |a DB 
958 |a SK 
999 |c 3359778  |d 3361708